Plant anatomy and embryology (Record no. 537)
[ view plain ]
| 000 -LEADER | |
|---|---|
| fixed length control field | 00443nam a2200157 4500 |
| 020 ## - INTERNATIONAL STANDARD BOOK NUMBER | |
| ISBN | 9788125902409 |
| 050 ## - CALL NUMBER | |
| Classification number | QK641 |
| 100 ## - AUTHOR | |
| Personal name | Pandey, S N |
| -- | Chadha, Ajanta |
| 245 ## - TITLE | |
| Title | Plant anatomy and embryology |
| Statement of responsibility, etc | S N Pandey; Ajanta Chadha |
| 250 ## - EDITION | |
| Edition statement | 2ND |
| 260 ## - PUBLICATION INFORMATION | |
| Place of publication | New Delhi : |
| Name of publisher | Vikas, |
| Year of publication | 2001 |
| 300 ## - DESCRIPTION | |
| Number of Pages | 468 pages : |
| Other physical details | illustrations ; |
| Dimensions | 25 cm |
| 500 ## - NOTES | |
| General note | INCLUDES INDEX |
| 650 ## - SUBJECTS | |
| Topical Term | Plant anatomy. |
| General subdivision | Plant embryology. |
| 942 ## - ADDED ENTRY ELEMENTS (KOHA) | |
| Koha item type | Books |
| Withdrawn status | Lost status | Home library | Current library | Date acquired | Full call number | Accession Number | Koha item type |
|---|---|---|---|---|---|---|---|
| Methodist University Library Wenchi Faculty | Methodist University Library Wenchi Faculty | 27/10/2017 | QK641 | 31075 | Books |